000 00623nam a2200241Ia 4500
003 OSt
005 20221005121809.0
006 a|||||r|||| 00| 0
007 ta
008 221004b |||||||| |||| 00| 0 eng d
024 _a37705
037 _cTextual
040 _aCRL
_cCRL
_beng
041 _2eng
_aeng
082 _aO:1xM9, K3
100 _aPratt william Ed.
_9499917
245 0 _aImagist poem
_b Modern poetry in miniature
260 _c1963
490 _aDutton paper back
650 _aENGLISH LITERATURE
942 _hO:1xM9, K3
_cTEXL
_2cc
999 _c1042295
_d1042295